000 01254cam a2200349 a 4500
001 4011516
003 OSt
005 20140310181635.0
008 961122s1996 enka b 001 0 eng d
010 _a 96223580
020 _a1853464279
035 _a(OCoLC)35984819
040 _aCoFS
_cCoFS
_dDLC
042 _alccopycat
043 _ae-uk---
050 0 0 _aGV 245
_b.W721 1996
082 0 0 _aTR 796.078
_bW67 1996
100 1 _aWilliams, Anne
_q(Anne Elizabeth),
_d1947-
_91591
245 1 0 _aTeaching physical education :
_ba guide for mentors and students /
_cAnne Williams.
260 _aLondon :
_bD. Fulton Publishers,
_c1996.
300 _a130 p. :
_bill. ;
_c23 cm.
440 0 _aQuality in secondary schools and colleges series
_91592
504 _aIncludes bibliographical references (p. [125]-128) and index.
521 _aFourth year high school and above
526 _c1110L to 1700L
541 _j1
562 _eFor circulation. One copy available in the collection
650 0 _aPhysical education and training
_xStudy and teaching
_zGreat Britain.
_91593
906 _a7
_bcbc
_ccopycat
_d2
_encip
_f19
_gy-gencatlg
942 _2lcc
_cBK-TR
_kTR
999 _c669
_d669